| 000 | 01003nam a22002655i 4500 | ||
|---|---|---|---|
| 001 | 162109 | ||
| 003 | ES-MaACL | ||
| 005 | 20250811063157.0 | ||
| 008 | 020731s1881 fr a |||| | fre d | ||
| 040 |
_aCCPB | B _bspa _cCCPB | B |
||
| 080 | _a94(444.5/.8) | ||
| 080 | _a94(444.5/.8)"1678" | ||
| 100 | 1 |
_aPiépape, Léonce de, _d1840-1925 _eaut _9131193 |
|
| 245 | 1 | 0 |
_aHistoire de la réunion de la Franche-Comté à la France : _bévénements diplomatiques et militaires (1279 à 1678), avec notes, pièces et documents inédits / _cpar L. de Piépape |
| 260 |
_aParis : _bH. Champion ; _c1881 |
||
| 300 |
_a2 volúmenes : _bilustraciones ; _c22 cm |
||
| 651 | 4 |
_aFranco Condado- _xHistoria _9241686 |
|
| 651 | 4 |
_aFranco Condado- _xHistoria- _y1678, Anexión a Francia _9241687 |
|
| 752 |
_aFrancia - _dParís |
||
| 752 |
_aFrancia - _dBesançon |
||
| 852 | 4 |
_aES-MaACL _cSPP2 _jF-8054 |
|
| 942 |
_2udc _cMONANT _n0 |
||
| 999 |
_c162109 _d162109 |
||